000 00772nam a2200253Ia 4500
003 OSt
005 20220926010931.0
006 a|||||r|||| 00| 0
007 ta
008 220923b |||||||| |||| 00| 0 eng d
020 _a013915695X
_c
_64.00
037 _b9884, 13/09/2001, SBD
_cGeneral Book
040 _aRTL
_cRTL
_beng
041 _2eng
_aeng
082 _aX:51-8, P1
100 _aHulbert James M
_9313320
245 0 _aMarketing management in the 21st century
260 _aNew Jersey
_bPrentice Hall
_c2001
300 _axvii, 637p
_ccm.
650 _aMarketing Management
_9233388
700 _a Capon Noel
_9290580
942 _hX:51-8, P1
_cGB
_2CC
999 _c618713
_d618713